| Поле | Инд. | ПП | Название | Значение |
|---|---|---|---|---|
| Тип записи | a | |||
| Библиографический уровень | a | |||
| 001 | Контрольный номер | RU/IS/BASE/262108659 | ||
| 005 | Дата корректировки | 20240119095537.5 | ||
| 084 | a | Индекс другой классификации/Индекс ББК | 63.51(2Рос=Рус)5; 60.72(2Рос)5-2 | |
| 090 | 00 | a | Полочн. индекс | 63.5(2=Рус) |
| x | Авторский знак | Р 893 | ||
| 100 | 10 | a | Автор | Власова И. В. |
| 245 | 00 | a | Заглавие | Расселение и численность русских в эпоху Российской империи (конец XVIII -начало XX века) |
| 650 | 04 | a | Основная рубрика | демография |
| a | Основная рубрика | исторические науки | ||
| a | Основная рубрика | этнология (этнография) | ||
| 653 | 00 | a | Ключевые слова | белорусы |
| a | Ключевые слова | демографическая ситуация | ||
| a | Ключевые слова | историко-этническая территория | ||
| a | Ключевые слова | историческая этнология (историческая этнография) | ||
| a | Ключевые слова | история | ||
| a | Ключевые слова | края | ||
| a | Ключевые слова | крестьянство | ||
| a | Ключевые слова | население | ||
| a | Ключевые слова | новое время | ||
| a | Ключевые слова | области | ||
| a | Ключевые слова | переписи населения | ||
| a | Ключевые слова | плотность населения | ||
| a | Ключевые слова | расселение | ||
| a | Ключевые слова | Российская империя | ||
| a | Ключевые слова | Россия | ||
| a | Ключевые слова | русские | ||
| a | Ключевые слова | русский этнос | ||
| a | Ключевые слова | сословия | ||
| a | Ключевые слова | статистика | ||
| a | Ключевые слова | украинцы | ||
| a | Ключевые слова | численность населения | ||
| a | Ключевые слова | этнические процессы | ||
| 773 | 00 | d | Дата издания источника | Москва, 1999 |
| g | Прочая информация | С. 36-50 | ||
| t | Заглавие источника | Русские | ||
| w | Контрольный № источника | RU/IS/BASE/102094566 | ||
| 901 | t | Тип документа | a |